Atlas histórico del colonialismo / (Record no. 179111)

MARC details
000 -LEADER
campo de control de longitud fija 01113nam a2200241 i 4500
001 - NÚMERO DE CONTROL
campo de control 179111
003 - IDENTIFICADOR DE NÚMERO DE CONTROL
campo de control ES-MaACL
005 - FECHA Y HORA DE LA ÚLTIMA TRANSACCIÓN
campo de control 20250718153526.0
008 - DATOS DE LONGITUD FIJA--INFORMACIÓN GENERAL
campo de control de longitud fija 110913s2010 sp abd |||| |dspa d
020 ## - NÚMERO INTERNACIONAL ESTÁNDAR DEL LIBRO
Número Internacional Estándar del Libro 978-84-975666-9-8
080 ## - NÚMERO DE LA CLASIFICACIÓN DECIMAL UNIVERSAL
Número de la Clasificación Decimal Universal 325.3/.5(100)(091)
100 1# - ENTRADA PRINCIPAL--NOMBRE DE PERSONA
Nombre de persona Espino López, Antonio.
9 (RLIN) 147901
245 10 - MENCIÓN DEL TÍTULO
Título Atlas histórico del colonialismo /
Mención de responsabilidad, etc. Antonio Espino López.
260 ## - PUBLICACIÓN, DISTRIBUCIÓN, ETC.
Lugar de publicación, distribución, etc. Madrid :
Nombre del editor, distribuidor, etc. Síntesis,
Fecha de publicación, distribución, etc. [2010]
300 ## - DESCRIPCIÓN FÍSICA
Extensión 277 p. :
Otras características físicas mapas col., gráf. ;
Dimensiones 24 cm.
505 8# - NOTA DE CONTENIDO CON FORMATO
Nota de contenido con formato Contiene: El ascenso de Occidente : La expansión colonial europea y el mercantilismo (siglo XV-1815) - Imperialismo e industrialización (1815-1880) - La plenitud del colonialismo (1880-1945) - El proceso de descolonización : los precedentes (1880-1945) - De la Segunda Guerra Mundial a la desintegración de la URSS (1945-1990)
650 #7 - PUNTO DE ACCESO ADICIONAL DE MATERIA--TÉRMINO DE MATERIA
Término de materia o nombre geográfico como elemento de entrada Colonialismo
Fuente del encabezamiento o término embne
9 (RLIN) 11149
650 #4 - PUNTO DE ACCESO ADICIONAL DE MATERIA--TÉRMINO DE MATERIA
Término de materia o nombre geográfico como elemento de entrada Historia universal-
Subdivisión general Atlas.
9 (RLIN) 13430
852 ## - LOCALIZACIÓN
Ubicación ES-MaACL
itemnumber 185983
Sublocalización o colección R.146345
Número de control de estantería A-11499
Signatura antigua Olim: N-4503
Ubicación en estantería Depósito 1
942 ## - ELEMENTOS DE ENTRADA SECUNDARIOS (KOHA)
Fuente del sistema de clasificación o colocación Clasificación decimal universal
Tipo de ítem Koha Libro impreso
Holdings
Estatus retirado Estado de pérdida Fuente del sistema de clasificación o colocación Estado de daño No para préstamo Biblioteca de origen Biblioteca actual Ubicación en estantería Fecha de adquisición Fuente de adquisición Total de préstamos Signatura topográfica completa Código de barras Visto por última vez Precio de reemplazo Tipo de ítem Koha
    Clasificación decimal universal     Biblioteca del Ateneo de Madrid Biblioteca del Ateneo de Madrid Depósito 1 13/09/2011 Compra   A-11499 1188149 23/02/2023 23/02/2023 Libro impreso